Sistemas automáticos de control
Saved in:
| Hovedforfatter: | |
|---|---|
| Format: | Bog |
| Sprog: | spansk |
| Udgivet: |
Ciudad de México
Continental
1970
|
| Udgivelse: | 1a. ed |
| Fag: | |
| Tags: |
Tilføj Tag
Ingen Tags, Vær først til at tagge denne postø!
|
MARC
| LEADER | 00000nam a2200000 a 4500 | ||
|---|---|---|---|
| 001 | UCK6725 | ||
| 003 | CL-VaPUC | ||
| 008 | 051014e19700000MX |||||||||||||||||spa|d | ||
| 082 | 0 | 4 | |a 629.83 |b KUO |2 21 |
| 100 | |a Kuo, Benjamin C |e author |9 496180 | ||
| 245 | 1 | 0 | |a Sistemas automáticos de control |
| 250 | |a 1a. ed | ||
| 300 | |a 592 p | ||
| 942 | |c BK | ||
| 945 | |d 20051014 00:00:00 |a cmena | ||
| 260 | |a Ciudad de México |b Continental |c 1970 | ||
| 500 | |a 1a. edición en español de la 2a. edición en inglés | ||
| 650 | 0 | |a Control automático |9 259890 | |
| 650 | 0 | |a Sistemas de control |9 263596 | |
| 650 | 7 | |a MECANICA INDUSTRIAL |2 CL-VaPUC |9 496181 | |
| 583 | |a last modification |c 20051014 00:00:00 |k Rodrigo Vera | ||
| 999 | |c 314917 |d 314915 | ||
| 952 | |0 0 |1 0 |4 0 |6 629_830000000000000_KUO_1970 |7 0 |8 A |9 387719 |a BIBMEC |b BIBMEC |d 2019-11-22 |i 4166434 |o 629.83 KUO 1970 |p 4166434 |r 2024-01-19 |w 2019-11-22 |y BK |k MEC | ||